000 00447nam a22001575i 4500
001 54007
003 ES-MaACL
007 t|
008 960712s1888 sp ||||1| spa d
040 _aCAM
_bspa
_cCAM
100 1 _aFerraz y Turmo, José.
_950352
245 1 0 _aDerecho natural /
_cpor José Ferraz y Turmo.
260 _aValencia :
_b[s.n.],
_c1888 (
_fimprenta de José Ortega)
300 _a552, [1] p. ;
_c22 cm.
852 _aES-MaACL
_jB-2320
999 _c54007
_d54007